American Soccer Players Quiz Stats

 Plays Quiz Updated Jul 17, 2018

Challenge
Share
Tweet
Score 0/20 Timer 05:00
7 Plays Today
Hint Answer % Correct
Landon Donovan
92.4%
Clint Dempsey
88.4%
Tim Howard
87.4%
Alexi Lalas
72.8%
Hope Solo
68.8%
Jozy Altidore
65.8%
Brad Friedel
64.2%
Mia Hamm
62.4%
Cobi Jones
61.1%
Michael Bradley
55.8%
Hint Answer % Correct
Kasey Keller
54.1%
DaMarcus Beasley
49.2%
Abby Wambach
46%
Brian McBride
42.1%
Claudio Reyna
36.4%
Carlos Bocanegra
31.6%
Eric Wynalda
20.5%
Michelle Akers
16.2%
Marcelo Balboa
14%
Jeff Agoos
13.7%

You're not logged in!

Compare scores with friends on all Sporcle quizzes.
Join for Free
OR
Log In

You Might Also Like...

Show Comments

Extras

Top Quizzes Today


Score Distribution

Your Account Isn't Verified!

In order to create a playlist on Sporcle, you need to verify the email address you used during registration. Go to your Sporcle Settings to finish the process.

Report this User

Report this user for behavior that violates our Community Guidelines.

Details: